Statistiken für Jüngste Spieler von Bayern München in der Bundesliga (seit 2000)

Klicken Sie hier um das Quiz zu spielen!

Allgemein

  • Dieses Quiz wurde 82 mal gespielt
  • Das Durchschnittsergebnis liegt bei 14 aus 50

Antwortstatistiken

JahrAlterNationalitätSpieler% Korrekt
202017 JahreDeutschlandJamal Musiala
89%
201017 JahreÖsterreichDavid Alaba
81%
201918 JahreKanadaAlphonso Davies
75%
200818 JahreDeutschlandThomas Müller
73%
202217 JahreFrankreichMathys Tel
72%
202216 JahreDeutschlandPaul Wanner
72%
202319 JahreDeutschlandAleksandar Pavlovic
64%
200218 JahreDeutschlandBastian Schweinsteiger
61%
201519 JahreFrankreichKingsley Coman
61%
201619 JahrePortugalRenato Sanches
53%
201317 JahreDänemarkPierre-Emile Højbjerg
45%
1999*18 JahreParaguayRoque Santa Cruz
45%
202317 JahreDeutschlandArijon Ibrahimovic
36%
200717 JahreDeutschlandToni Kroos
34%
200818 JahreBrasilienBreno
33%
201918 JahreNiederlandeJoshua Zirkzee
33%
200019 JahreEnglandOwen Hargreaves
33%
200718 JahreDeutschlandMats Hummels
31%
202020 JahreUSAChris Richards
28%
201319 JahreDeutschlandEmre Can
28%
201417 JahreDeutschlandGianluca Gaudino
28%
202218 JahreKroatien/
Deutschland
Gabriel Vidovic
23%
201919 JahreSüdkoreaWoo-yeong Jeong
23%
202119 JahreUSAMalik Tillman
22%
201119 JahreJapanTakashi Usami
22%
202120 JahrePortugalTiago Dantas
22%
201818 JahreDeutschlandLukas Mai
20%
202220 JahreNiederlandeRyan Gravenberch
20%
202018 JahreFrankreichTanguy Nianzou
20%
201920 JahreFrankreichMichaël Cuisance
19%
201719 JahreÖsterreichMarco Friedl
17%
200319 JahreDeutschlandChristian Lell
16%
201019 JahreDeutschlandDiego Contento
16%
201419 JahreDeutschlandMitchell Weiser
13%
201817 JahreKamerun/
Deutschland
Franck Evina
11%
200319 JahreDeutschlandPiotr Trochowski
9%
200719 JahreDeutschlandSandro Wagner
9%
201518 JahreDeutschlandSinan Kurt
9%
202019 JahreDeutschlandOliver Batista Meier
8%
202217 JahreDeutschlandLucas Copado
6%
200220 JahreDeutschlandMarkus Feulner
6%
200419 JahreDeutschlandMichael Rensing
6%
201519 JahreSerbien/
Deutschland
Miloš Pantović
6%
201918 JahreDeutschlandLeon Dajaku
5%
200019 JahreTürkei/
Deutschland
Berkant Göktan
3%
202118 JahreDeutschlandChristopher Scott
3%
200719 JahreKamerunLouis Ngwat-Mahop
2%
200719 JahreDeutschlandStephan Fürstner
2%
201419 JahreÖsterreichYlli Sallahi
2%
201819 JahreDeutschlandMeritan Shabani
0%

Verteilung der Resultate

Perzentil nach korrekt beantworteten Fragen

Anzahl Personen mit jedem Resultat

Ihre Resultats-Entwicklung

Sie haben dieses Quiz noch nicht gespielt